LIBRARY & INFORMATION CENTRE, KCAET, TAVANUR

ONLINE PUBLIC ACCESS CATALOGUE (OPAC)

Mahathma Gandhiyal ezhuthapetta arogyraksha / (Record no. 6478)

MARC details
000 -LEADER
fixed length control field 00400cam a2200145ua 4500
003 - CONTROL NUMBER IDENTIFIER
control field OSt
008 - FIXED-LENGTH DATA ELEMENTS--GENERAL INFORMATION
fixed length control field 240213b |||||||| |||| 00| 0 eng d
041 ## - LANGUAGE CODE
Language code of text/sound track or separate title mal
082 ## - DEWEY DECIMAL CLASSIFICATION NUMBER
Classification number 320.58G
Item number NAR/MA
100 ## - MAIN ENTRY--AUTHOR NAME
Personal name Narayana Pillai, M.R .
245 00 - TITLE STATEMENT
Title Mahathma Gandhiyal ezhuthapetta arogyraksha /
260 ## - PUBLICATION, DISTRIBUTION, ETC. (IMPRINT)
Place of publication Quilon :
Name of publisher Sree Rama Vilasam Press & Book Depot ,
Year of publication 1963.
300 ## - PHYSICAL DESCRIPTION
Number of Pages 154 ; .
942 ## - ADDED ENTRY ELEMENTS (KOHA)
Koha item type Books
Holdings
Withdrawn status Lost status Damaged status Home library Current library Date acquired Full call number Accession Number Koha item type Public note
Withdrawn   Damaged KAUAET Kelappaji 07/04/2012 320.58G 217 Books Transferred from KCAET
free website counter